L'économie danoise.
Celkový hospodársky vývoj Dánska. Hospodársky rast. Rozpočet. Platobná bilancia. Zamestnanosť. Ceny a menová politika. Poľnohospodárstvo, lesníctvo a rybolov. Priemysel a energetika. Bankovníctvo. Zahraničný obchod. Obchod s Európskym spoločenstvom. (Crédit lyonnais international, april 1992).
Gespeichert in:
| Format: | Buchkapitel |
|---|---|
| Sprache: | Französisch |
| Schlagworte: | |
| Tags: |
Keine Tags, Fügen Sie das erste Tag hinzu!
|
MARC
| LEADER | 00000naa a2200000 4500 | ||
|---|---|---|---|
| 001 | r009646 | ||
| 005 | 20220913125018.5 | ||
| 041 | 0 | |a fre | |
| 044 | |a FR | ||
| 245 | 1 | 0 | |a L'économie danoise. |
| 520 | |a Celkový hospodársky vývoj Dánska. Hospodársky rast. Rozpočet. Platobná bilancia. Zamestnanosť. Ceny a menová politika. Poľnohospodárstvo, lesníctvo a rybolov. Priemysel a energetika. Bankovníctvo. Zahraničný obchod. Obchod s Európskym spoločenstvom. (Crédit lyonnais international, april 1992). | ||
| 610 | 2 | 0 | |a rozvoj hospodársky |
| 610 | 2 | 0 | |a Dánsko |
| 610 | 2 | 0 | |a rast hospodársky |
| 610 | 2 | 0 | |a rozpočet štátny |
| 610 | 2 | 0 | |a bilancia platobná |
| 610 | 2 | 0 | |a zamestnanosť |
| 610 | 2 | 0 | |a ceny |
| 610 | 2 | 0 | |a poľnohospodárstvo |
| 610 | 2 | 0 | |a priemysel |
| 610 | 2 | 0 | |a energetika |
| 610 | 2 | 0 | |a bankovníctvo |
| 610 | 2 | 0 | |a obchod zahraničný |